Inter-Continental Seas - Statistics

General Stats
  • This quiz has been taken 80 times
    71 since last reset
  • The average score is 8 of 15
Answer Stats
Hint Answer % Correct
Europe, Asia, Africa Mediterranean Sea
97%
Europe, Asia Black Sea
94%
Africa, Asia Red Sea
89%
North America, Asia Bering Sea
78%
North America, South America Caribbean Sea
77%
Europe, Asia Caspian Sea
72%
Europe, Asia Aegean Sea
63%
Africa, Asia Arabian Sea
55%
Europe, Asia Sea of Marmara
50%
North America, Europe Greenland Sea
44%
Australia, Asia Timor Sea
25%
Australia, Asia Arafura Sea
22%
Europe, Africa Alboran Sea
20%
Europe Asia Kara Sea
17%
North America, Asia Chukchi Sea
13%
No matching quizzes found
Score Distribution
Percent of People with Each Score
Percentile by Number Answered
Your Score History
You have not taken this quiz since the last reset